000090264 001__ 90264 000090264 005__ 20220912152509.0 000090264 037__ $$aTAZ-TFG-2017-4169 000090264 041__ $$aspa 000090264 1001_ $$aMendinueta Bernardos, Iker 000090264 24200 $$aIdentification Friend or Foe (IFF) systems for the Spanish tank 000090264 24500 $$aSistemas de identificación amigo enemigo (IFF) en el carro de combate español 000090264 260__ $$aZaragoza$$bUniversidad de Zaragoza$$c2017 000090264 506__ $$aby-nc-sa$$bCreative Commons$$c3.0$$uhttp://creativecommons.org/licenses/by-nc-sa/3.0/ 000090264 520__ $$aComo consecuencia de la dificultad que supone la identificación correcta de posibles enemigos acorazados/mecanizados en el combate, y además, tratándose de los carros de combate actuales en los que se debe tener en cuenta otros factores como la distancia eficaz de fuego (alcance de varios kilómetros) o la localización de objetivos en ambientes de poca visibilidad (nocturno, climatología adversa), es necesario adquirir e implementar un sistema electrónico capaz de ofrecernos la capacidad de diferenciar indudablemente entre los medios amigos o enemigos para evitar daños propios como los que ya, en alguna ocasión, se han producido. Por ello, el objetivo principal de este trabajo será dotar al carro de combate español Leopardo 2E de un sistema IFF (Identification Friend or Foe) que se ajuste a las capacidades del mismo permitiendo así, localizar un objetivo e inmediatamente clasificarlo como amigo o enemigo. Dicho sistema tiene ya sus precedentes en la aviación por lo que se buscará una forma basada en éste para introducirlo en el carro de combate.<br /> 000090264 521__ $$aGraduado en Ingeniería de Organización Industrial 000090264 540__ $$aDerechos regulados por licencia Creative Commons 000090264 700__ $$aGutiérrez Rodrigo, Sergio$$edir. 000090264 7102_ $$aUniversidad de Zaragoza$$b $$c 000090264 8560_ $$f684894@celes.unizar.es 000090264 8564_ $$s1986578$$uhttps://zaguan.unizar.es/record/90264/files/TAZ-TFG-2017-4169.pdf$$yMemoria (spa) 000090264 909CO $$ooai:zaguan.unizar.es:90264$$ptfg-tfm-cud$$pdriver$$ptrabajos-fin-grado 000090264 950__ $$a 000090264 951__ $$adeposita:2020-07-17 000090264 980__ $$aTAZ$$bTFG$$cCUD